<?xml version="1.0" encoding="UTF-8"?>
<record
    xmlns:xsi="http://www.w3.org/2001/XMLSchema-instance"
    xsi:schemaLocation="http://www.loc.gov/MARC21/slim http://www.loc.gov/standards/marcxml/schema/MARC21slim.xsd"
    xmlns="http://www.loc.gov/MARC21/slim">

  <leader>00995ngm a2200253 a 4500</leader>
  <controlfield tag="005">20220317001247.0</controlfield>
  <controlfield tag="008">160825s9999    xx     g      000 0 spa  </controlfield>
  <datafield tag="082" ind1="0" ind2="4">
    <subfield code="a">781.63861 </subfield>
    <subfield code="b">F85c</subfield>
  </datafield>
  <datafield tag="110" ind1="2" ind2=" ">
    <subfield code="a">Fundaci&#xF3;n BAT. Colombia</subfield>
    <subfield code="9">67956</subfield>
  </datafield>
  <datafield tag="245" ind1="1" ind2="0">
    <subfield code="a">Colombia en concierto</subfield>
    <subfield code="c">Fundaci&#xF3;n BAT</subfield>
    <subfield code="h">grabaci&#xF3;n sonora</subfield>
  </datafield>
  <datafield tag="250" ind1=" " ind2=" ">
    <subfield code="a">1a. edici&#xF3;n </subfield>
  </datafield>
  <datafield tag="300" ind1=" " ind2=" ">
    <subfield code="a">2 discos compactos  (60 minutos)</subfield>
    <subfield code="b">digital, estereo</subfield>
    <subfield code="c">12 cm </subfield>
  </datafield>
  <datafield tag="500" ind1=" " ind2=" ">
    <subfield code="a">Los CD's suman un total de 35 canciones de diferentes fiestas populares colombianas</subfield>
  </datafield>
  <datafield tag="650" ind1="1" ind2="4">
    <subfield code="2">LEMB</subfield>
    <subfield code="a">M&#xFA;sica colombiana</subfield>
    <subfield code="v">Discos compactos</subfield>
  </datafield>
  <datafield tag="650" ind1="1" ind2="4">
    <subfield code="2">LEMB</subfield>
    <subfield code="a">M&#xFA;sica folcl&#xF3;rica colombiana</subfield>
    <subfield code="v">Discos compactos</subfield>
  </datafield>
  <datafield tag="650" ind1="1" ind2="4">
    <subfield code="2">LEMB</subfield>
    <subfield code="a">M&#xFA;sica popular colombiana</subfield>
    <subfield code="v">Discos compactos</subfield>
  </datafield>
  <datafield tag="650" ind1="1" ind2="4">
    <subfield code="2">LEMB</subfield>
    <subfield code="a">Canciones colombianas</subfield>
    <subfield code="v">Discos compactos</subfield>
  </datafield>
  <datafield tag="942" ind1=" " ind2=" ">
    <subfield code="2">ddc</subfield>
    <subfield code="c">BK</subfield>
  </datafield>
  <datafield tag="264" ind1=" " ind2=" ">
    <subfield code="a">Bogot&#xE1;</subfield>
    <subfield code="b">Fundaci&#xF3;n BAT</subfield>
    <subfield code="c">[s.f.]</subfield>
  </datafield>
  <datafield tag="336" ind1=" " ind2=" ">
    <subfield code="a">texto</subfield>
    <subfield code="b">txt</subfield>
    <subfield code="2">rdacontent</subfield>
  </datafield>
  <datafield tag="337" ind1=" " ind2=" ">
    <subfield code="a">sin mediaci&#xF3;n</subfield>
    <subfield code="b">n</subfield>
    <subfield code="2">rdamedia</subfield>
  </datafield>
  <datafield tag="338" ind1=" " ind2=" ">
    <subfield code="a">volumen</subfield>
    <subfield code="b">nc</subfield>
    <subfield code="2">rdacarrier</subfield>
  </datafield>
  <datafield tag="040" ind1=" " ind2=" ">
    <subfield code="a">CO-BoRNBP</subfield>
    <subfield code="b">spa</subfield>
    <subfield code="e">rda</subfield>
    <subfield code="c">CO-BoRNBP</subfield>
  </datafield>
  <datafield tag="999" ind1=" " ind2=" ">
    <subfield code="c">6419</subfield>
    <subfield code="d">6419</subfield>
  </datafield>
</record>
